[Event "RA Winter op"]
[Site "Ottawa CAN"]
[Date "1999.01.16"]
[Round "1"]
[White "Groleau, Gilles"]
[Black "Pacey, Kevin"]
[Result "1/2-1/2"]
[WhiteElo "2055"]
[BlackElo "2287"]
[PlyCount "122"]
[GameId "2160767911805768"]
[EventDate "1999.01.16"]
[EventType "swiss"]
[EventRounds "5"]
[EventCountry "CAN"]

1. e4 e5 2. Nf3 Nf6 3. Nxe5 d6 4. Nf3 Nxe4 5. Qe2 Qe7 6. d3 Nf6 7. Bg5 Qxe2+ 8. Bxe2 Be7 9. Nc3 c6 10. O-O-O Na6 11. Rhe1 Nc7 12. h3 Ne6 13. Bd2 Bd7 14. Bf1 O-O 15. g4 Rfe8 16. Bg2 h5 17. g5 Nh7 18. h4 Nhf8 19. Bh3 Nc7 20. Bxd7 Nxd7 21. Nd4 Bf8 22. f4 Ne6 23. Nxe6 fxe6 24. Re2 g6 25. Rde1 Kf7 26. Ne4 d5 27. Nf2 Bd6 28. d4 c5 29. dxc5 Nxc5 30. Kb1 b6 31. Be3 Rac8 32. b3 Re7 33. Rf1 Ke8 34. Bd4 Kd7 35. Bxc5 bxc5 36. Nd3 Rf7 37. Rfe1 Re8 38. a4 c4 39. bxc4 dxc4 40. Ne5+ Bxe5 41. fxe5 Rb8+ 42. Ka2 c3 43. Rd1+ Ke7 44. Rd3 Rf4 45. Rxc3 Rxa4+ 46. Ra3 Rbb4 47. Rf2 Rxh4 48. Rf6 Rxa3+ 49. Kxa3 Re4 50. Rxg6 Rxe5 51. Rg7+ Kd6 52. g6 Rg5 53. c4 h4 54. Rxa7 Rxg6 55. Rh7 Kc5 56. Rxh4 Rg3+ 57. Kb2 Re3 58. Kc2 e5 59. Kd2 Ra3 60. Re4 Kd6 61. Re3 Rxe3 1/2-1/2

[Event "RA Winter op"]
[Site "Ottawa CAN"]
[Date "1999.01.16"]
[Round "2"]
[White "Pacey, Kevin"]
[Black "Palsson, Halldor"]
[Result "1/2-1/2"]
[WhiteElo "2287"]
[BlackElo "2171"]
[PlyCount "113"]
[GameId "2160767911805769"]
[EventDate "1999.01.16"]
[EventType "swiss"]
[EventRounds "5"]
[EventCountry "CAN"]

1. e4 e6 2. d4 d5 3. Nc3 Bb4 4. e5 c5 5. a3 Bxc3+ 6. bxc3 Qc7 7. Nf3 Ne7 8. Bd3 b6 9. O-O Ba6 10. Bxa6 Nxa6 11. Qd3 Nb8 12. a4 Nd7 13. Ba3 Rc8 14. Rfc1 Nf5 15. Qa6 O-O 16. dxc5 Nxc5 17. Bxc5 Qxc5 18. Qxa7 Ra8 19. Qd7 Qxc3 20. Qb5 Rfb8 21. Qb3 Qc5 22. Rcb1 h6 23. Ra2 Nd4 24. Nxd4 Qxd4 25. Re1 Ra5 26. g3 Rba8 27. Qb2 Qc4 28. Ra3 b5 29. Rc3 Qxa4 30. Rb1 Qe4 31. Re3 Qf5 32. Re2 Qg4 33. Re3 Ra2 34. Qb3 Qf5 35. Rb2 Ra1+ 36. Kg2 Rc1 37. Qd3 Qxd3 38. Rxd3 Rc8 39. Rd2 Kh7 40. f4 Kg6 41. g4 Rc4 42. Rf2 b4 43. h3 h5 44. Ra2 f6 45. f5+ exf5 46. gxf5+ Kg5 47. e6 Re1 48. Ra7 Rf4 49. Rxg7+ Kxf5 50. e7 Rxf2+ 51. Kxf2 Re4 52. Kf3 d4 53. Kf2 b3 54. cxb3 d3 55. Rg3 Re2+ 56. Kf1 Rxe7 57. Rxd3 1/2-1/2

[Event "RA Winter op"]
[Site "Ottawa CAN"]
[Date "1999.01.16"]
[Round "3"]
[White "Pacey, Kevin"]
[Black "Arseneau, Peter"]
[Result "1-0"]
[WhiteElo "2287"]
[BlackElo "1975"]
[PlyCount "77"]
[GameId "2160767911805770"]
[EventDate "1999.01.16"]
[EventType "swiss"]
[EventRounds "5"]
[EventCountry "CAN"]

1. e4 e5 2. Nf3 Nc6 3. Bc4 Nf6 4. d4 exd4 5. Ng5 Ne5 6. Bb3 Bc5 7. f4 d5 8. fxe5 Nxe4 9. Nxe4 dxe4 10. O-O O-O 11. Bf4 b5 12. Qh5 Be6 13. Bxe6 fxe6 14. Na3 a6 15. Kh1 Qd5 16. Qe2 Bb6 17. b3 c6 18. Rad1 Bc7 19. Nb1 Bxe5 20. Nc3 Qd6 21. Nxe4 Qc7 22. Bxe5 Rxf1+ 23. Rxf1 Qxe5 24. Qf3 h6 25. Qf7+ Kh7 26. Qb7 Qxe4 27. Qxa8 Qxc2 28. Qf8 d3 29. Qf3 d2 30. Rd1 Qxa2 31. Qd3+ Kh8 32. Rxd2 Qa3 33. h3 a5 34. Qc2 Qf8 35. Qd1 Kh7 36. Rd6 c5 37. Qd3+ Qf5 38. Qxf5+ exf5 39. Rd5 1-0

[Event "RA Winter op"]
[Site "Ottawa CAN"]
[Date "1999.01.17"]
[Round "4"]
[White "Djerkovic, Miladin"]
[Black "Pacey, Kevin"]
[Result "1-0"]
[WhiteElo "2334"]
[BlackElo "2287"]
[PlyCount "46"]
[GameId "2160767911805771"]
[EventDate "1999.01.16"]
[EventType "swiss"]
[EventRounds "5"]
[EventCountry "CAN"]

1. e4 e5 2. Nf3 Nf6 3. d4 Nxe4 4. Bd3 d5 5. Nxe5 Nd7 6. Nxd7 Bxd7 7. O-O Qh4 8. c4 O-O-O 9. c5 g5 10. f3 Nf6 11. Be3 Rg8 12. Nc3 g4 13. g3 gxf3 14. Qxf3 Be7 15. Ne2 Ne4 16. Kh1 Qh3 17. Qg2 Qe6 18. Nf4 Nxg3+ 19. hxg3 Qxe3 20. Rae1 Qxd4 21. Rxe7 Be6 22. c6 Qb4 23. Nxe6 fxe6 1-0

[Event "RA Winter op"]
[Site "Ottawa CAN"]
[Date "1999.01.17"]
[Round "5"]
[White "Pacey, Kevin"]
[Black "Mitrovic, Milan"]
[Result "1-0"]
[WhiteElo "2287"]
[BlackElo "2292"]
[PlyCount "153"]
[GameId "2160767911805772"]
[EventDate "1999.01.16"]
[EventType "swiss"]
[EventRounds "5"]
[EventCountry "CAN"]

1. e4 g6 2. d4 Bg7 3. Nc3 d6 4. f4 Nf6 5. Nf3 c5 6. dxc5 Qa5 7. Bd3 Qxc5 8. Qe2 Nc6 9. Be3 Qa5 10. O-O Ng4 11. Bd2 a6 12. h3 Nf6 13. Nd5 Qd8 14. Bc3 Nxd5 15. Bxg7 Nxf4 16. Qe3 Rg8 17. Bh6 Ne6 18. Rad1 Qa5 19. Bc4 Qc5 20. Qxc5 dxc5 21. Ng5 Ncd8 22. Rf2 Nxg5 23. Bxg5 Be6 24. Bd5 f6 25. Be3 Rc8 26. Rfd2 Kf7 27. Bxe6+ Nxe6 28. Rd7 Rgd8 29. R1d5 Rxd7 30. Rxd7 b6 31. Rb7 Rc6 32. Kf2 Nd8 33. Ra7 a5 34. Bf4 Ne6 35. Be3 Rc7 36. Ra8 Nf8 37. Bh6 Ne6 38. h4 g5 39. h5 Nf4 40. g4 Rd7 41. Ke3 Ne6 42. Rb8 Rd6 43. Rh8 Nd8 44. Rxh7+ Ke6 45. e5 fxe5 46. Bxg5 Nf7 47. Bh4 Rd4 48. Rg7 Rd1 49. Rg6+ Kd7 50. Rxb6 Nd6 51. Ra6 Ke6 52. Bf2 Rh1 53. b3 Rh3+ 54. Ke2 Rc3 55. Kd2 Rh3 56. Bxc5 Rg3 57. Bxd6 exd6 58. c4 Rxg4 59. c5 e4 60. Rxd6+ Ke5 61. Rg6 Rh4 62. c6 Rxh5 63. c7 Rh2+ 64. Kc3 Rh8 65. Rc6 Rc8 66. Kd2 Kd5 67. Rc3 Kd6 68. Ke3 Rxc7 69. Rxc7 Kxc7 70. Kxe4 Kc6 71. Kd4 Kb5 72. a3 a4 73. b4 Kc6 74. Ke5 Kb6 75. Kd6 Kb5 76. Kd5 Kb6 77. Kc4 1-0

[Event "RACC ch"]
[Site "Ottawa CAN"]
[Date "1999.01.07"]
[Round "1"]
[White "Gould, Charles"]
[Black "Pacey, Kevin"]
[Result "1/2-1/2"]
[WhiteElo "2066"]
[BlackElo "2287"]
[PlyCount "64"]
[GameId "2160767911805861"]
[EventDate "1999.01.07"]
[EventType "swiss"]
[EventRounds "7"]
[EventCountry "CAN"]

1. d4 e6 2. c4 d5 3. Nc3 Be7 4. Nf3 Nf6 5. Bf4 O-O 6. e3 c5 7. Bd3 dxc4 8. Bxc4 Nc6 9. dxc5 Bxc5 10. O-O h6 11. h3 Qe7 12. Qe2 a6 13. Rfd1 b5 14. Bb3 Bb7 15. Ne5 Rac8 16. a3 Ba8 17. Rd2 Qb7 18. f3 b4 19. Na4 Ba7 20. Bc4 Nxe5 21. Bxe5 Rxc4 22. Bxf6 Rc6 23. Bd4 bxa3 24. bxa3 Rfc8 25. Rad1 Rc1 26. Kf2 Bxd4 27. Rxd4 R1c2 28. Rd8+ Kh7 29. R1d2 Rxd8 30. Rxc2 Qb3 31. Nc5 Qxa3 32. Qxa6 Qxa6 1/2-1/2

[Event "RACC ch"]
[Site "Ottawa CAN"]
[Date "1999.01.14"]
[Round "2"]
[White "Pacey, Kevin"]
[Black "Handelman, Michael"]
[Result "1-0"]
[WhiteElo "2287"]
[BlackElo "1874"]
[PlyCount "37"]
[GameId "2160767911805862"]
[EventDate "1999.01.07"]
[EventType "swiss"]
[EventRounds "7"]
[EventCountry "CAN"]

1. e4 c5 2. Nf3 d6 3. d4 cxd4 4. Nxd4 Nf6 5. Nc3 Nc6 6. Bc4 Bd7 7. Bg5 e6 8. Ndb5 Ne5 9. Be2 Bxb5 10. Bxb5+ Nc6 11. Qf3 Rc8 12. O-O-O h6 13. Bh4 g5 14. Bg3 a6 15. Bxc6+ Rxc6 16. e5 Ng8 17. exd6 Bxd6 18. Ne4 Qa5 19. Nxd6+ 1-0

[Event "RACC ch"]
[Site "Ottawa CAN"]
[Date "1999.01.21"]
[Round "3"]
[White "Pacey, Kevin"]
[Black "Handelman, Danny"]
[Result "1-0"]
[WhiteElo "2287"]
[BlackElo "1691"]
[PlyCount "85"]
[GameId "2160767911805863"]
[EventDate "1999.01.07"]
[EventType "swiss"]
[EventRounds "7"]
[EventCountry "CAN"]

1. e4 c5 2. Nf3 Nc6 3. d4 cxd4 4. Nxd4 g6 5. c4 Bg7 6. Be3 Nf6 7. Nc3 O-O 8. Be2 Qc7 9. O-O d6 10. f3 Nxd4 11. Bxd4 e5 12. Be3 Rd8 13. Qd2 Be6 14. b3 h5 15. Rfd1 a6 16. Rac1 h4 17. Bf1 Ne8 18. Kh1 Qe7 19. Na4 Bf6 20. Nb6 Rab8 21. a4 g5 22. Nd5 Bxd5 23. exd5 Ng7 24. Bd3 Nh5 25. a5 Nf4 26. Bf5 Qf8 27. b4 h3 28. g3 Nh5 29. Bxg5 Qg7 30. Bh6 Qh8 31. Be3 Kg7 32. Qf2 Rg8 33. c5 Kf8 34. c6 bxc6 35. dxc6 Bh4 36. c7 Nxg3+ 37. hxg3 Re8 38. c8=Q Bxg3 39. Qxe8+ Kxe8 40. Qxg3 Ke7 41. Rc7+ Kf6 42. Rxd6+ Kxf5 43. Rxf7+ 1-0

[Event "RACC ch"]
[Site "Ottawa CAN"]
[Date "1999.01.28"]
[Round "4"]
[White "Devenport, Martin"]
[Black "Pacey, Kevin"]
[Result "0-1"]
[WhiteElo "2254"]
[BlackElo "2283"]
[PlyCount "58"]
[GameId "2160767911805864"]
[EventDate "1999.01.07"]
[EventType "swiss"]
[EventRounds "7"]
[EventCountry "CAN"]

1. e4 e6 2. Qe2 Nc6 3. Nf3 e5 4. g3 Bc5 5. Bg2 Nf6 6. c3 d6 7. O-O O-O 8. b4 Bb6 9. b5 Na5 10. d4 exd4 11. cxd4 Bg4 12. Bb2 d5 13. e5 Ne4 14. Rd1 Nc4 15. Bc3 a6 16. Bb4 Re8 17. bxa6 Rxa6 18. Rc1 Bxd4 19. Nc3 Bxe5 20. Qd3 Bxc3 21. Bxc3 Nxc3 22. Rxc3 Bxf3 23. Bxf3 c6 24. Qd4 Qf6 25. Qxf6 gxf6 26. Kg2 b5 27. Bg4 Rea8 28. Rc2 b4 29. Rb1 Na3 0-1

[Event "RACC ch"]
[Site "Ottawa CAN"]
[Date "1999.01.29"]
[Round "5"]
[White "Pacey, Kevin"]
[Black "Hergott, Deen"]
[Result "0-1"]
[WhiteElo "2287"]
[BlackElo "2400"]
[PlyCount "36"]
[GameId "2160767911805865"]
[EventDate "1999.01.07"]
[EventType "swiss"]
[EventRounds "7"]
[EventCountry "CAN"]

1. g3 d5 2. Nf3 Nc6 3. Bg2 e5 4. d3 Be6 5. c3 f6 6. Nbd2 Qd7 7. b4 Nge7 8. Qa4 Nc8 9. b5 Nd8 10. c4 Nb6 11. Qc2 dxc4 12. dxc4 a6 13. a4 axb5 14. cxb5 c6 15. bxc6 Qxc6 16. Qxc6+ Nxc6 17. Rb1 Nb4 18. Ne4 Ba2 0-1

[Event "RACC ch"]
[Site "Ottawa CAN"]
[Date "1999.02.11"]
[Round "6"]
[White "Hum, Peter"]
[Black "Pacey, Kevin"]
[Result "1-0"]
[WhiteElo "2265"]
[BlackElo "2283"]
[PlyCount "90"]
[GameId "2160767911805866"]
[EventDate "1999.01.07"]
[EventType "swiss"]
[EventRounds "7"]
[EventCountry "CAN"]

1. d4 Nc6 2. Nf3 d5 3. g3 Bg4 4. Bg2 Qd7 5. h3 Bxf3 6. exf3 e6 7. c3 Nge7 8. f4 Nf5 9. Nd2 Be7 10. O-O O-O 11. Re1 b5 12. Bf1 Rfb8 13. Bd3 Bf8 14. Nf3 b4 15. Qe2 bxc3 16. bxc3 Rb6 17. Bc2 Qc8 18. Ng5 h6 19. Nf3 Qa6 20. Bd3 Qa5 21. Bd2 Qa4 22. Ne5 Nxe5 23. fxe5 Rb2 24. Rad1 Rab8 25. Qf3 Qd7 26. Bf4 Rxa2 27. h4 Rb3 28. Bb1 Raa3 29. Rd3 Ra1 30. Rdd1 Raa3 31. Rd3 Ra1 32. Rdd1 g6 33. Bxf5 Rxd1 34. Qxd1 Rxc3 35. Bb1 Rc4 36. h5 g5 37. Be3 a5 38. Qd3 Bg7 39. Bc1 f5 40. exf6 Bxf6 41. Qg6+ Bg7 42. Ba3 Rxd4 43. Qh7+ Kf7 44. Bg6+ Kf6 45. Bb2 c5 1-0

[Event "RACC ch"]
[Site "Ottawa CAN"]
[Date "1999.02.18"]
[Round "7"]
[White "Pacey, Kevin"]
[Black "Burgess, Doug"]
[Result "1-0"]
[WhiteElo "2287"]
[BlackElo "1898"]
[PlyCount "35"]
[GameId "2160767911805867"]
[EventDate "1999.01.07"]
[EventType "swiss"]
[EventRounds "7"]
[EventCountry "CAN"]

1. e4 d5 2. exd5 Nf6 3. c4 c6 4. d4 cxd5 5. Nc3 e6 6. Bg5 Be7 7. Be2 O-O 8. Nf3 Nc6 9. O-O b6 10. Ne5 Bb7 11. Bf3 Rc8 12. Bxf6 Bxf6 13. cxd5 Bxe5 14. dxc6 Ba6 15. dxe5 Bxf1 16. Kxf1 Qc7 17. Qd6 Rfd8 18. Qxc7 1-0

[Event "Remembrance Day op"]
[Site "Halifax CAN"]
[Date "1999.11.12"]
[Round "1"]
[White "O'Donnell, Tom"]
[Black "Kenney, David"]
[Result "1-0"]
[WhiteElo "2469"]
[BlackElo "2002"]
[PlyCount "73"]
[GameId "2160767911741863"]
[EventDate "1999.11.12"]
[EventType "swiss"]
[EventRounds "5"]
[EventCountry "CAN"]

1. e4 g6 2. d4 Bg7 3. Nc3 d6 4. Be3 Nd7 5. Qd2 e5 6. Nf3 exd4 7. Nxd4 Ngf6 8. Bh6 O-O 9. Bxg7 Kxg7 10. O-O-O Nc5 11. f3 Bd7 12. g4 a6 13. h4 h5 14. g5 Ng8 15. f4 b5 16. Bg2 Rb8 17. f5 Re8 18. f6+ Kh7 19. Rde1 Ne6 20. Kb1 Nxd4 21. Qxd4 Be6 22. Nd5 c5 23. Qd1 Bxd5 24. Qxd5 Rf8 25. Rd1 c4 26. Qxd6 Qa5 27. Rd5 Qa4 28. Qa3 Qxa3 29. bxa3 Rfc8 30. Rd7 Rf8 31. e5 b4 32. a4 Kh8 33. Bd5 Rbe8 34. Re1 c3 35. Bxf7 Rd8 36. Rxd8 Rxd8 37. e6 1-0

[Event "Remembrance Day op"]
[Site "Halifax CAN"]
[Date "1999.11.12"]
[Round "1"]
[White "Saunders, Stephen"]
[Black "Uuetoa, Harold"]
[Result "1-0"]
[WhiteElo "2074"]
[BlackElo "1766"]
[PlyCount "81"]
[GameId "2160767911741864"]
[EventDate "1999.11.12"]
[EventType "swiss"]
[EventRounds "5"]
[EventCountry "CAN"]

1. d4 Nf6 2. c4 g6 3. f3 d5 4. cxd5 Nxd5 5. e4 Nf6 6. Nc3 Bg7 7. Bc4 c6 8. Nge2 a6 9. Be3 b5 10. Bb3 Bb7 11. Qd2 Nbd7 12. O-O O-O 13. Rfd1 e6 14. Rac1 Rc8 15. a3 a5 16. Ba2 a4 17. Rc2 Qa5 18. e5 Ne8 19. Ne4 Qd8 20. Bg5 Qb6 21. Be7 Bxe5 22. Nc5 Nxc5 23. Bxc5 Bxh2+ 24. Kxh2 Qc7+ 25. Qf4 Qd7 26. Ng3 Qc7 27. Qxc7 Nxc7 28. Bxf8 Kxf8 29. Ne4 Ke7 30. Nc5 Ba8 31. Re1 Rd8 32. Rd2 Nd5 33. Bxd5 Rxd5 34. Re5 Rd6 35. f4 h5 36. Kg3 Rd8 37. Kf2 Kf6 38. Ke3 h4 39. Rd1 Rh8 40. Rh1 Ke7 41. Rh3 1-0

[Event "Remembrance Day op"]
[Site "Halifax CAN"]
[Date "1999.11.13"]
[Round "2"]
[White "Kenney, David"]
[Black "Saunders, Stephen"]
[Result "0-1"]
[WhiteElo "2002"]
[BlackElo "2074"]
[PlyCount "100"]
[GameId "2160767911741865"]
[EventDate "1999.11.12"]
[EventType "swiss"]
[EventRounds "5"]
[EventCountry "CAN"]

1. c4 f5 2. g3 Nf6 3. Bg2 g6 4. Nf3 Bg7 5. Nc3 d6 6. O-O e5 7. d3 O-O 8. Qc2 Nc6 9. a3 a5 10. Rb1 h6 11. b4 axb4 12. axb4 g5 13. b5 Ne7 14. Bb2 Qe8 15. Rfc1 Qh5 16. c5 f4 17. cxd6 cxd6 18. Ne4 Nxe4 19. dxe4 Bh3 20. Bh1 Ng6 21. Qd1 Rf7 22. b6 g4 23. Nd2 fxg3 24. hxg3 Raf8 25. Qb3 Kh7 26. Qe3 Bf6 27. Rc7 Ne7 28. Rcc1 Bg5 29. Qd3 Rxf2 30. Nf3 Bxc1 31. Rxc1 R2xf3 32. exf3 gxf3 33. Kf2 Bg4 34. Ba3 Qh2+ 35. Ke3 Qxg3 36. Qxd6 f2+ 37. Kd2 Qf4+ 38. Kc2 f1=Q 39. Rxf1 Qxf1 40. Qxe7+ Rf7 41. Qh4 Qf2+ 42. Qxf2 Rxf2+ 43. Kd3 Rh2 44. Bd6 Rxh1 45. Bxe5 Kg8 46. Ke3 Kf7 47. Kf4 Ke6 48. Bc7 h5 49. Kg5 Bf3 50. Kf4 Bg2 0-1

[Event "Remembrance Day op"]
[Site "Halifax CAN"]
[Date "1999.11.13"]
[Round "2"]
[White "Mayo, Alvah"]
[Black "O'Donnell, Tom"]
[Result "0-1"]
[WhiteElo "2157"]
[BlackElo "2469"]
[PlyCount "65"]
[GameId "2160767911741866"]
[EventDate "1999.11.12"]
[EventType "swiss"]
[EventRounds "5"]
[EventCountry "CAN"]
[SourceTitle "EXT 2002"]
[Source "ChessBase"]
[SourceDate "2001.11.25"]
[SourceVersion "1"]
[SourceVersionDate "2001.11.25"]
[SourceQuality "1"]

1. e4 c5 2. Nc3 Nc6 3. f4 g6 4. Nf3 Bg7 5. Bb5 Nd4 6. Bd3 e6 7. Nxd4 cxd4 8. Nb5 d6 9. c3 dxc3 10. bxc3 Ne7 11. Nd4 O-O 12. Qe2 Bxd4 13. cxd4 Nc6 14. Qf2 Qb6 15. d5 exd5 16. Qxb6 axb6 17. exd5 Nb4 18. Bb1 Re8+ 19. Kf2 Bf5 20. Bxf5 gxf5 21. d4 Nc2 22. Rb1 Rxa2 23. Kg3 Nb4 24. Bd2 Nxd5 25. Rhe1 Rc8 26. Rbc1 Rxc1 27. Re8+ Kg7 28. Bxc1 Ra4 29. Rd8 Rc4 30. Bd2 b5 31. Ba5 Rc6 32. Bd2 b4 33. Kf3 0-1

[Event "Remembrance Day op"]
[Site "Halifax CAN"]
[Date "1999.11.13"]
[Round "3"]
[White "O'Donnell, Tom"]
[Black "Charlton, Glenn"]
[Result "1-0"]
[WhiteElo "2469"]
[BlackElo "2166"]
[PlyCount "55"]
[GameId "2160767911741867"]
[EventDate "1999.11.12"]
[EventType "swiss"]
[EventRounds "5"]
[EventCountry "CAN"]

1. e4 g6 2. d4 d6 3. Nc3 Bg7 4. Be3 a6 5. Qd2 Nf6 6. Bh6 O-O 7. Bxg7 Kxg7 8. O-O-O b5 9. f3 Bb7 10. g4 Nbd7 11. Nge2 c5 12. g5 Ng8 13. dxc5 Nxc5 14. h4 Rc8 15. h5 b4 16. Qd4+ e5 17. Qxb4 Qxg5+ 18. Kb1 Rfd8 19. hxg6 hxg6 20. Rg1 Qe3 21. Bh3 Rb8 22. Ng3 Bxe4 23. Qa5 Qh6 24. fxe4 Qxh3 25. Nf5+ Kf8 26. Nxd6 Ne6 27. Qxe5 Ne7 28. Rh1 1-0

[Event "Remembrance Day op"]
[Site "Halifax CAN"]
[Date "1999.11.13"]
[Round "3"]
[White "Saunders, Stephen"]
[Black "Urquhart, Eddie"]
[Result "0-1"]
[WhiteElo "2074"]
[BlackElo "2202"]
[PlyCount "118"]
[GameId "2160767911741868"]
[EventDate "1999.11.12"]
[EventType "swiss"]
[EventRounds "5"]
[EventCountry "CAN"]
[SourceTitle "EXT 2002"]
[Source "ChessBase"]
[SourceDate "2001.11.25"]
[SourceVersion "1"]
[SourceVersionDate "2001.11.25"]
[SourceQuality "1"]

1. d4 Nf6 2. c4 g6 3. Nc3 d5 4. cxd5 Nxd5 5. e4 Nxc3 6. bxc3 Bg7 7. Bc4 c5 8. Ne2 O-O 9. Be3 Nc6 10. Rc1 cxd4 11. cxd4 Na5 12. Bd3 b6 13. h4 h5 14. Bb1 Ba6 15. d5 Rc8 16. Nd4 Qd6 17. Ne2 Rxc1 18. Bxc1 Qb4+ 19. Bd2 Qc4 20. Nf4 Qc7 21. Bd3 Bxd3 22. Nxd3 Qc4 23. Bxa5 Qxe4+ 24. Kf1 bxa5 25. Qb3 Rd8 26. Rh3 Qxd5 27. Qxd5 Rxd5 28. Ke2 Rd4 29. Ne1 Bf6 30. Ra3 Rxh4 31. Nf3 Rc4 32. Rxa5 Rc7 33. Ra6 Kg7 34. Kd3 Rb7 35. Ke3 Rd7 36. Ra5 e6 37. Ra6 g5 38. Ra4 Kg6 39. Nd2 Bd8 40. Nf3 f6 41. Ne1 Bb6+ 42. Ke2 Rc7 43. f3 Rc5 44. Kd3 f5 45. Ke2 Kf6 46. Kf1 e5 47. Ke2 g4 48. Kf1 Rc3 49. Ke2 Ke6 50. Kd2 Rc5 51. Nd3 Rd5 52. Ke2 gxf3+ 53. gxf3 Rd4 54. Ra3 Rc4 55. Ne1 h4 56. f4 Rxf4 57. Nf3 e4 58. Ng5+ Kf6 59. Nh3 Rg4 0-1

[Event "Remembrance Day op"]
[Site "Halifax CAN"]
[Date "1999.11.14"]
[Round "4"]
[White "Kenney, Jason"]
[Black "Saunders, Stephen"]
[Result "0-1"]
[WhiteElo "1953"]
[BlackElo "2074"]
[PlyCount "54"]
[GameId "2160767911741869"]
[EventDate "1999.11.12"]
[EventType "swiss"]
[EventRounds "5"]
[EventCountry "CAN"]
[SourceTitle "EXT 2002"]
[Source "ChessBase"]
[SourceDate "2001.11.25"]
[SourceVersion "1"]
[SourceVersionDate "2001.11.25"]
[SourceQuality "1"]

1. e4 c5 2. Nf3 d6 3. d4 cxd4 4. Nxd4 Nf6 5. Nc3 a6 6. Bc4 e6 7. Bb3 Nbd7 8. f4 Nc5 9. f5 Be7 10. Qf3 O-O 11. Be3 e5 12. Nde2 b5 13. Bd5 Rb8 14. a3 b4 15. axb4 Rxb4 16. Bxc5 dxc5 17. b3 Qc7 18. O-O Bb7 19. Bc4 Ra8 20. Ng3 a5 21. Nh5 Bc6 22. Nxf6+ Bxf6 23. Bd5 Rd4 24. Nb5 Bxb5 25. Bxa8 Bxf1 26. Rxf1 c4 27. Qc3 Qa7 0-1

[Event "Remembrance Day op"]
[Site "Halifax CAN"]
[Date "1999.11.14"]
[Round "4"]
[White "Urquhart, Eddie"]
[Black "O'Donnell, Tom"]
[Result "1/2-1/2"]
[WhiteElo "2202"]
[BlackElo "2469"]
[PlyCount "37"]
[GameId "2160767911741870"]
[EventDate "1999.11.12"]
[EventType "swiss"]
[EventRounds "5"]
[EventCountry "CAN"]

1. e4 c5 2. Nc3 Nc6 3. f4 g6 4. g3 Bg7 5. Bg2 d6 6. d3 e5 7. Nge2 Nge7 8. Be3 Nd4 9. Qd2 O-O 10. O-O Rb8 11. h3 b5 12. Nd1 Be6 13. c3 Nxe2+ 14. Qxe2 Qd7 15. Kh2 f5 16. fxe5 Bxe5 17. Bh6 Bg7 18. Bxg7 Kxg7 19. Ne3 1/2-1/2

[Event "Remembrance Day op"]
[Site "Halifax CAN"]
[Date "1999.11.14"]
[Round "5"]
[White "O'Donnell, Tom"]
[Black "Saunders, Stephen"]
[Result "1-0"]
[WhiteElo "2357"]
[BlackElo "2074"]
[PlyCount "97"]
[GameId "2160767911741871"]
[EventDate "1999.11.12"]
[EventType "swiss"]
[EventRounds "5"]
[EventCountry "CAN"]
[SourceTitle "EXT 2002"]
[Source "ChessBase"]
[SourceDate "2001.11.25"]
[SourceVersion "1"]
[SourceVersionDate "2001.11.25"]
[SourceQuality "1"]

1. e4 c5 2. c3 Nf6 3. e5 Nd5 4. d4 cxd4 5. Nf3 e6 6. cxd4 b6 7. Nc3 Nxc3 8. bxc3 Qc7 9. Bd2 Bb7 10. Bd3 d6 11. O-O Nd7 12. Bf4 Be7 13. Re1 dxe5 14. Nxe5 Nxe5 15. Bb5+ Bc6 16. Bxe5 Bd6 17. Bxc6+ Qxc6 18. d5 Qc7 19. Bxd6 Qxd6 20. dxe6 Qxd1 21. Raxd1 fxe6 22. Rxe6+ Kf7 23. Rc6 Rhd8 24. Rc7+ Kf6 25. Rxd8 Rxd8 26. g3 Rd1+ 27. Kg2 Rc1 28. a4 h5 29. Rxa7 Rxc3 30. Ra6 Ra3 31. Rxb6+ Kf7 32. Rb4 Kf6 33. Rf4+ Kg6 34. h4 Kh6 35. Kf1 Ra2 36. Ke1 g6 37. Kd1 g5 38. hxg5+ Kxg5 39. Kc1 h4 40. Kb1 Re2 41. Rxh4 Rxf2 42. a5 Rf3 43. Ra4 Rxg3 44. a6 Rb3+ 45. Kc2 Rb8 46. a7 Ra8 47. Ra6 Kf5 48. Kd3 Ke5 49. Kc4 1-0

[Event "Remembrance Day op"]
[Site "Toronto CAN"]
[Date "1999.11.12"]
[Round "1"]
[White "Benggawan, Amanda"]
[Black "Cohen, David"]
[Result "1/2-1/2"]
[WhiteElo "1902"]
[BlackElo "2025"]
[PlyCount "107"]
[GameId "2160767911741872"]
[EventDate "1999.11.12"]
[EventType "swiss"]
[EventRounds "5"]
[EventCountry "CAN"]

1. e4 e5 2. Nf3 Nc6 3. Nc3 Nf6 4. d4 exd4 5. Nxd4 d6 6. Bf4 Be7 7. Nxc6 bxc6 8. Bd3 O-O 9. O-O Be6 10. Ne2 Qd7 11. c3 Rab8 12. Qc2 Rb7 13. Nd4 Rfb8 14. b3 a5 15. Nxe6 Qxe6 16. Rfe1 Qg4 17. Bg3 h6 18. f3 Qh5 19. e5 Nd5 20. e6 Bf6 21. exf7+ Kxf7 22. Bc4 Kf8 23. Bxd5 Qxd5 24. Bf2 a4 25. b4 Qc4 26. Rac1 c5 27. Re4 Qb5 28. bxc5 Qb2 29. cxd6 Qxc2 30. Rxc2 Rb1+ 31. Be1 cxd6 32. Kf2 a3 33. Rce2 R8b2 34. Rc4 Rxe2+ 35. Kxe2 Rb2+ 36. Bd2 Rxa2 37. Kd1 Ke7 38. Ra4 d5 39. c4 dxc4 40. Rxa3 Rxa3 41. Bb4+ Ke6 42. Bxa3 Be5 43. h3 Kf5 44. Bc5 g5 45. Kc2 Ke6 46. Bf8 h5 47. Bc5 h4 48. Bf2 Kd5 49. Be3 Bf4 50. Bf2 Bc7 51. Be3 Bd8 52. Bf2 Be7 53. Be3 Bf6 54. Bd2 1/2-1/2

[Event "Remembrance Day op"]
[Site "Toronto CAN"]
[Date "1999.11.13"]
[Round "2"]
[White "Cohen, David"]
[Black "Lawless, David"]
[Result "1/2-1/2"]
[WhiteElo "2025"]
[BlackElo "1998"]
[PlyCount "64"]
[GameId "2160767911741873"]
[EventDate "1999.11.12"]
[EventType "swiss"]
[EventRounds "5"]
[EventCountry "CAN"]

1. e4 c5 2. Nf3 d6 3. d4 cxd4 4. Nxd4 Nf6 5. Nc3 a6 6. Be2 e5 7. Nb3 Be7 8. O-O O-O 9. Be3 Be6 10. Qd2 Nbd7 11. Rfd1 h6 12. h3 Re8 13. Kh1 Bf8 14. a4 b6 15. Bd3 Qc7 16. Qe2 Qb7 17. f4 exf4 18. Bxf4 Bxb3 19. cxb3 Nc5 20. Re1 Nxb3 21. Rad1 Nc5 22. Bb1 Rad8 23. Qc2 g6 24. b4 Ne6 25. Be3 d5 26. e5 Nh5 27. Qf2 Bxb4 28. Bd2 Bc5 29. Qf3 Bf8 30. g4 Nhg7 31. Bxh6 b5 32. Nxd5 Kh8 1/2-1/2

[Event "Remembrance Day op"]
[Site "Toronto CAN"]
[Date "1999.11.13"]
[Round "3"]
[White "Dougherty, Michael"]
[Black "Livshits, Ron"]
[Result "0-1"]
[WhiteElo "2353"]
[BlackElo "2525"]
[PlyCount "36"]
[GameId "2160767911741874"]
[EventDate "1999.11.12"]
[EventType "swiss"]
[EventRounds "5"]
[EventCountry "CAN"]

1. e4 c5 2. Nf3 d6 3. Nc3 a6 4. g3 b5 5. Bg2 Bb7 6. O-O b4 7. Nd5 e6 8. Nf4 Bxe4 9. Re1 Nf6 10. d4 Nbd7 11. Ng5 Bxg2 12. Nfxe6 fxe6 13. Nxe6 Qc8 14. Kxg2 Kf7 15. Bf4 h6 16. Qe2 Qc6+ 17. Kg1 Re8 18. d5 Qxd5 0-1

[Event "Remembrance Day op"]
[Site "Toronto CAN"]
[Date "1999.11.13"]
[Round "3"]
[White "Murray, Robert"]
[Black "Kret, Ted"]
[Result "1/2-1/2"]
[WhiteElo "2250"]
[BlackElo "2216"]
[PlyCount "47"]
[GameId "2160767911741875"]
[EventDate "1999.11.12"]
[EventType "swiss"]
[EventRounds "5"]
[EventCountry "CAN"]

1. e4 e6 2. d4 d5 3. exd5 exd5 4. Nf3 Nf6 5. Bd3 Bd6 6. O-O O-O 7. h3 Nbd7 8. Re1 Re8 9. Rxe8+ Qxe8 10. c4 dxc4 11. Bxc4 Nb6 12. Bb3 Bf5 13. Nc3 Qe7 14. Be3 c6 15. Qd2 Re8 16. Bg5 Bc7 17. Re1 Qd7 18. Rxe8+ Nxe8 19. Ne5 Bxe5 20. dxe5 Nc7 21. Be3 Qxd2 22. Bxd2 Nbd5 23. Nxd5 Nxd5 24. f3 1/2-1/2